Recaudación, apremios e inspección de la Hacienda Pública : RR.DD. de 26 de abril 1900, 2 y 30 de marzo 1926, Reglamento de 30 junio 1926 ... RR.DD. de 26 de abril 1900, 2 y 30 de marzo 1926, Reglamento de 30 junio 1926 ...
Descripción Física:
432 p. ; 15 cm
MARC
| LEADER | 00000nam a2200000Ia 4500 | ||
|---|---|---|---|
| 001 | 17277 | ||
| 008 | 160829s1928 xx 000 0 cat d | ||
| 080 | |a D-3-64 | ||
| 245 | |a Recaudación, apremios e inspección de la Hacienda Pública : |b RR.DD. de 26 de abril 1900, 2 y 30 de marzo 1926, Reglamento de 30 junio 1926 ... | ||
| 250 | |a 2a ed. | ||
| 260 | |a Madrid : |b Góngora, |c 1928 | ||
| 300 | |a 432 p. ; |c 15 cm | ||
| 490 | |a Revista de los Tribunales y de Legislación Universal. Biblioteca de bolsillo. Códigos y leyes anotados | ||
| 650 | |a Impostos |x Recaptació |x Espanya |x Reglaments i procediment |9 29223 | ||
| 650 | |a Impostos |x Recaptació |x Dret i legislació |x Espanya |9 23284 | ||
| 901 | |a Arxiu | ||
| 942 | |n 1 | ||
| 952 | |0 0 |1 0 |4 0 |6 D364 |7 1 |9 45108 |a Arxiu |b Arxiu |d 2016-12-01 |l 0 |o D-3-64 |p 17277 |r 2016-12-01 00:00:00 |w 2016-12-01 |y ARXIU | ||
| 999 | |c 47728 |d 47728 | ||